000 00464cam a2200145Ka 4500
082 0 4 _a003
_bANT
100 _aAntill, lyn
_936442
245 1 4 _aSystems Analysis
_bmade simple computer books
_cLyn antill
260 _aLondon. :
_bHeinmann
_c1985
300 _a116 p. :
_bill., map ;
_c24 cm.
526 _a0
_b0
_c0
_d003_000000000000000_ANT
650 0 _aForest management
_zUnited States
_xData processing
_936443
650 0 _aSystem analysis
_92233
942 _2ddc
_cBK
999 _c541504
_d541504